02504nab a2200325 i 4500003000900000005001700009008004100026040001800067072001400085072000800099100002100107100002200128100002200150100002200172100002400194100001700218100001900235100001800254245006800272500006500340520070400405520067001109650001001779650003001789650002001819650001301839650001801852773022801870856008002098BR-BrBNA20240716151615.0240716b2017 bl.|r|pooa||| 00| 0 por | aBR-BrBNAbpor aL70b5240 aL74 aAntonioli, M.L.  aCarvalho, J.R.G.  aBustamante, C.C.  aMendonça, L.F.  aBergamasco, P.L.F.  aEscobar, A.  aMarques, L.C.  aCanola, P.A.  aAtresia anal com fístula retovaginal em ovino: relato de caso aPublicação online; 14 ref.; 4 illus.; Summaries (En, Pt) a RESUMO - A atresia anal com fístula retovaginal, é considerada uma afecção congênita rara nos ovinos. Em virtude disso, buscou-se descrever o reparo cirúrgico e cuidados pós-operatórios em uma borrega que apresentava essa afecção. Nesse sentido, uma borrega, sem raça definida, de 25 dias de idade e pesando 7,2kg, apresentou sinais de distensão abdominal e defecação pela vulva. A afecção foi diagnosticada por meio do exame clínico e confirmada radiograficamente, constatando-se atresia anal do tipo III em associação com a fístula. Palavras-chave: borrega, malformação congênita, atresia anal, cuidado pós-operatório, correção cirúrgica  a ABSTRACT - Atresia ani associated with rectovaginal fistula is considered a rare congenital anomaly in sheep. Therefore, the surgical correction and post-operative care of a lamb presenting atresia ani with rectovaginal fistula has been detailed in this case report. A 25-days old, mixed breed lamb, weighing 7.2 kg, showing signs of abdominal bloating, and stool passage through the vulva was admitted at our hospital. An atresia ani type III condition associated with rectovaginal fistula was diagnosed by clinical examination and confirmed by radiographic examination. Keywords: lamb, congenital malformation, atresia ani, post-operative care, surgical repair aOVINO aDISTÚRBIO FISIOLÓGICO aMALFORMAÇÃO aCIRURGIA aVETERINÁRIA0 01643dBelo Horizonte-MG Universidade Federal de Minas Gerais - Escola de Veterinaria 1983o2024-2644tArquivo Brasileiro de Medicina Veterinária e Zootecnia (Brazil)x0102-0935gv. 69(5) p. 1167-1171; (2017)wBR2024002193 uhttps://www.scielo.br/j/abmvz/a/prvBGkB5rZznbjMptr8MkpH/?format=pdf&lang=pt